[Event "DEM U16w 2025"]
[Site "Willingen GER"]
[Date "2025.06.08"]
[Round "1"]
[White "Preißler, Viktoria"]
[Black "Schulten, Namita"]
[Result "1-0"]
[Termination "normal"]
[Board "12"]
[WhiteElo "1828"]
[BlackElo "1696"]
[WhiteClock "00:01:53"]
[BlackClock "00:59:25"]
[PlyCount "79"]
[WhiteFideId "34693360"]
[BlackFideId "34663568"]
[EventCountry "GER"]
[EventRounds "9"]
[EventType "swiss"]
[EventDate "2025.06.07"]

1. e4 {[%clk 01:30:58]} {[%emt 00:00:02]} e5 {[%clk 01:30:56]} {[%emt
00:00:06]} 2. Nf3 {[%clk 01:22:50]} {[%emt 00:08:36]} Nc6 {[%clk 01:31:17]}
{[%emt 00:00:08]} 3. Bc4 {[%clk 01:23:03]} {[%emt 00:00:17]} Bc5 {[%clk
01:31:41]} {[%emt 00:00:07]} 4. c3 {[%clk 01:23:22]} {[%emt 00:00:11]} Nf6
{[%clk 01:32:06]} {[%emt 00:00:05]} 5. d4 {[%clk 01:23:46]} {[%emt 00:00:05]}
exd4 {[%clk 01:32:29]} {[%emt 00:00:08]} 6. O-O {[%clk 01:24:07]} {[%emt
00:00:09]} Nxe4 {[%clk 01:32:38]} {[%emt 00:00:21]} 7. cxd4 {[%clk 01:23:35]}
{[%emt 00:01:02]} d5 {[%clk 01:33:02]} {[%emt 00:00:07]} 8. dxc5 {[%clk
01:23:43]} {[%emt 00:00:22]} dxc4 {[%clk 01:33:27]} {[%emt 00:00:04]} 9. Qe2
{[%clk 01:24:00]} {[%emt 00:00:13]} Qd3 {[%clk 01:33:30]} {[%emt 00:00:27]} 10.
Re1 {[%clk 01:24:21]} {[%emt 00:00:09]} f5 {[%clk 01:33:23]} {[%emt 00:00:37]}
11. Nc3 {[%clk 01:21:02]} {[%emt 00:03:48]} O-O {[%clk 01:33:46]} {[%emt
00:00:08]} 12. Nxe4 {[%clk 01:18:38]} {[%emt 00:02:53]} fxe4 {[%clk 01:34:09]}
{[%emt 00:00:08]} 13. Qxe4 {[%clk 01:17:46]} {[%emt 00:01:22]} Bf5 {[%clk
01:33:47]} {[%emt 00:00:53]} 14. Qxd3 {[%clk 01:14:54]} {[%emt 00:03:21]} Bxd3
{[%clk 01:33:46]} {[%emt 00:00:31]} 15. Be3 {[%clk 01:04:52]} {[%emt 00:10:32]}
Rad8 {[%clk 01:30:17]} {[%emt 00:03:58]} 16. Ng5 {[%clk 00:51:20]} {[%emt
00:14:03]} Rfe8 {[%clk 01:29:41]} {[%emt 00:01:06]} 17. Bf4 {[%clk 00:45:16]}
{[%emt 00:06:33]} Nd4 {[%clk 01:17:28]} {[%emt 00:12:43]} 18. Bxc7 {[%clk
00:41:22]} {[%emt 00:04:25]} Ne2+ {[%clk 01:17:32]} {[%emt 00:00:25]} 19. Kh1
{[%clk 00:41:07]} {[%emt 00:00:45]} Rd5 {[%clk 01:17:50]} {[%emt 00:00:13]} 20.
Bf4 {[%clk 00:38:21]} {[%emt 00:03:16]} Rxc5 {[%clk 01:17:19]} {[%emt
00:01:02]} 21. Nf3 {[%clk 00:37:01]} {[%emt 00:01:49]} Rb5 {[%clk 01:15:36]}
{[%emt 00:02:13]} 22. b3 {[%clk 00:16:36]} {[%emt 00:20:55]} cxb3 {[%clk
01:14:00]} {[%emt 00:02:06]} 23. axb3 {[%clk 00:16:58]} {[%emt 00:00:07]} Rxb3
{[%clk 01:12:07]} {[%emt 00:02:23]} 24. Rxa7 {[%clk 00:12:42]} {[%emt
00:04:46]} Ba6 {[%clk 01:12:24]} {[%emt 00:00:13]} 25. Be3 {[%clk 00:11:01]}
{[%emt 00:02:11]} Nc3 {[%clk 01:11:59]} {[%emt 00:00:55]} 26. Nd4 {[%clk
00:10:52]} {[%emt 00:00:39]} Rb4 {[%clk 01:11:02]} {[%emt 00:01:28]} 27. Rc1
{[%clk 00:10:04]} {[%emt 00:01:17]} Nd5 {[%clk 01:07:55]} {[%emt 00:03:38]} 28.
Nf5 {[%clk 00:08:15]} {[%emt 00:02:19]} g6 {[%clk 01:04:17]} {[%emt 00:04:08]}
29. Nd6 {[%clk 00:07:12]} {[%emt 00:01:33]} Rd8 {[%clk 01:04:13]} {[%emt
00:00:33]} 30. Bc5 {[%clk 00:05:56]} {[%emt 00:01:46]} Rb2 {[%clk 01:03:43]}
{[%emt 00:01:00]} 31. h3 {[%clk 00:05:04]} {[%emt 00:01:23]} Ne7 {[%clk
01:02:45]} {[%emt 00:01:27]} 32. Bd4 {[%clk 00:03:32]} {[%emt 00:02:02]} Ra2
{[%clk 01:01:26]} {[%emt 00:01:49]} 33. Bf6 {[%clk 00:03:30]} {[%emt 00:00:32]}
Rxd6 {[%clk 01:00:16]} {[%emt 00:01:40]} 34. Bxe7 {[%clk 00:03:53]} {[%emt
00:00:07]} Rd7 {[%clk 01:00:34]} {[%emt 00:00:12]} 35. Ra8+ {[%clk 00:03:01]}
{[%emt 00:01:23]} Kf7 {[%clk 01:00:56]} {[%emt 00:00:08]} 36. Bg5 {[%clk
00:03:19]} {[%emt 00:00:12]} Rxf2 {[%clk 01:00:48]} {[%emt 00:00:38]} 37. Bh6
{[%clk 00:02:48]} {[%emt 00:01:01]} Bd3 {[%clk 00:59:08]} {[%emt 00:02:09]} 38.
Rf8+ {[%clk 00:03:04]} {[%emt 00:00:14]} Ke6 {[%clk 00:59:04]} {[%emt
00:00:34]} 39. Rxf2 {[%clk 00:03:24]} {[%emt 00:00:12]} b5 {[%clk 00:59:25]}
{[%emt 00:00:09]} 40. Rd2 {[%clk 00:01:53]} {[%emt 00:02:00]} 1-0

[Event "DEM U16w 2025"]
[Site "Willingen GER"]
[Date "2025.06.08"]
[Round "1"]
[White "Rabe, Elina"]
[Black "Mamani Orozco, Camila Guianella"]
[Result "0-1"]
[Termination "normal"]
[Board "13"]
[WhiteElo "1507"]
[BlackElo "1689"]
[WhiteClock "00:54:41"]
[BlackClock "00:24:42"]
[PlyCount "46"]
[WhiteFideId "34623531"]
[BlackFideId "3877663"]
[EventCountry "GER"]
[EventRounds "9"]
[EventType "swiss"]
[EventDate "2025.06.07"]

1. c4 {[%clk 01:30:59]} {[%emt 00:00:01]} c5 {[%clk 01:30:41]} {[%emt
00:00:19]} 2. g3 {[%clk 01:31:25]} {[%emt 00:00:04]} Nf6 {[%clk 01:30:00]}
{[%emt 00:01:10]} 3. Bg2 {[%clk 01:31:04]} {[%emt 00:00:51]} g6 {[%clk
01:29:49]} {[%emt 00:00:41]} 4. Nf3 {[%clk 01:31:12]} {[%emt 00:00:23]} Bg7
{[%clk 01:29:31]} {[%emt 00:00:48]} 5. O-O {[%clk 01:31:33]} {[%emt 00:00:10]}
O-O {[%clk 01:29:32]} {[%emt 00:00:28]} 6. e3 {[%clk 01:31:48]} {[%emt
00:00:16]} d5 {[%clk 01:24:50]} {[%emt 00:05:11]} 7. d3 {[%clk 01:29:01]}
{[%emt 00:03:17]} dxc4 {[%clk 01:22:07]} {[%emt 00:03:13]} 8. dxc4 {[%clk
01:29:28]} {[%emt 00:00:03]} Nc6 {[%clk 01:18:45]} {[%emt 00:03:52]} 9. Nbd2
{[%clk 01:26:08]} {[%emt 00:03:50]} Bf5 {[%clk 01:16:46]} {[%emt 00:02:30]} 10.
Re1 {[%clk 01:24:18]} {[%emt 00:02:18]} Bd3 {[%clk 01:06:11]} {[%emt 00:11:05]}
11. Qb3 {[%clk 01:16:33]} {[%emt 00:08:15]} Nb4 {[%clk 00:58:31]} {[%emt
00:08:10]} 12. Ne5 {[%clk 01:13:14]} {[%emt 00:03:50]} Nc2 {[%clk 00:46:32]}
{[%emt 00:12:28]} 13. Nxd3 {[%clk 01:04:08]} {[%emt 00:09:36]} Nxa1 {[%clk
00:46:33]} {[%emt 00:00:29]} 14. Qc3 {[%clk 01:02:13]} {[%emt 00:02:25]} Ng4
{[%clk 00:43:43]} {[%emt 00:03:18]} 15. Qa3 {[%clk 00:59:20]} {[%emt 00:03:26]}
Nc2 {[%clk 00:43:15]} {[%emt 00:00:56]} 16. Qxc5 {[%clk 00:57:55]} {[%emt
00:01:56]} Nxe1 {[%clk 00:43:00]} {[%emt 00:00:45]} 17. Nxe1 {[%clk 00:58:22]}
{[%emt 00:00:04]} Qd6 {[%clk 00:41:28]} {[%emt 00:02:00]} 18. Qa5 {[%clk
00:57:39]} {[%emt 00:01:14]} Qb6 {[%clk 00:26:42]} {[%emt 00:15:13]} 19. Qxb6
{[%clk 00:54:33]} {[%emt 00:03:40]} axb6 {[%clk 00:27:00]} {[%emt 00:00:11]}
20. a3 {[%clk 00:54:58]} {[%emt 00:02:10]} Rab8 21. Nc2 {[%clk 00:54:33]}
{[%emt 00:01:01]} Rfd8 22. Nb4 {[%emt 00:01:46]} e6 {[%emt 00:00:26]} 23. b3
{[%clk 00:54:41]} {[%emt 00:00:02]} Bc3 {[%clk 00:24:42]} {[%emt 00:00:45]} 0-1

[Event "DEM U16w 2025"]
[Site "Willingen GER"]
[Date "2025.06.08"]
[Round "1"]
[White "Dedic, Sajra"]
[Black "Pommerehncke, Marla"]
[Result "1-0"]
[Termination "normal"]
[Board "14"]
[WhiteElo "1657"]
[BlackElo "1391"]
[WhiteClock "00:08:07"]
[BlackClock "00:09:16"]
[PlyCount "45"]
[WhiteFideId "14422794"]
[BlackFideId "34686347"]
[EventCountry "GER"]
[EventRounds "9"]
[EventType "swiss"]
[EventDate "2025.06.07"]

1. e4 {[%clk 01:30:58]} {[%emt 00:00:03]} e5 {[%clk 01:30:49]} {[%emt
00:00:11]} 2. Nf3 {[%clk 01:31:22]} {[%emt 00:00:05]} Nc6 {[%clk 01:31:01]}
{[%emt 00:00:19]} 3. Bc4 {[%clk 01:31:45]} {[%emt 00:00:06]} Bc5 {[%clk
01:31:25]} {[%emt 00:00:07]} 4. c3 {[%clk 01:32:09]} {[%emt 00:00:06]} Nf6
{[%clk 01:31:30]} {[%emt 00:00:25]} 5. d4 {[%clk 01:32:32]} {[%emt 00:00:07]}
exd4 {[%clk 01:31:24]} {[%emt 00:00:35]} 6. e5 {[%clk 01:32:54]} {[%emt
00:00:08]} d5 {[%clk 01:31:04]} {[%emt 00:00:52]} 7. Bb5 {[%clk 01:33:17]}
{[%emt 00:00:06]} Ne4 {[%clk 01:27:38]} {[%emt 00:03:56]} 8. cxd4 {[%clk
01:33:36]} {[%emt 00:00:12]} Bb6 {[%clk 01:25:49]} {[%emt 00:02:18]} 9. Nc3
{[%clk 01:33:49]} {[%emt 00:00:17]} Bg4 {[%clk 01:21:18]} {[%emt 00:05:01]} 10.
Be3 {[%clk 01:30:40]} {[%emt 00:03:38]} O-O {[%emt 00:11:25]} 11. Qc2 {[%clk
01:23:20]} {[%emt 00:05:09]} Nxc3 {[%clk 00:59:23]} {[%emt 00:14:13]} 12. bxc3
{[%clk 01:23:27]} {[%emt 00:00:22]} Bxf3 {[%clk 00:56:59]} {[%emt 00:02:54]}
13. gxf3 {[%clk 01:23:13]} {[%emt 00:00:44]} Na5 {[%clk 00:49:27]} {[%emt
00:08:02]} 14. Bd3 {[%clk 01:10:53]} {[%emt 00:12:50]} Qh4 {[%clk 00:43:39]}
{[%emt 00:06:18]} 15. Rg1 {[%clk 00:59:51]} {[%emt 00:11:31]} g6 {[%clk
00:33:15]} {[%emt 00:10:55]} 16. Bg5 {[%clk 00:54:22]} {[%emt 00:05:59]} Qh5
{[%clk 00:25:23]} {[%emt 00:08:23]} 17. Ke2 {[%clk 00:49:15]} {[%emt 00:05:37]}
c5 {[%clk 00:20:45]} {[%emt 00:05:08]} 18. Bf6 {[%clk 00:22:03]} {[%emt
00:27:41]} cxd4 {[%clk 00:17:06]} {[%emt 00:04:10]} 19. Rg5 {[%clk 00:19:04]}
{[%emt 00:03:28]} Qh6 {[%clk 00:17:09]} {[%emt 00:00:26]} 20. Rag1 {[%clk
00:18:34]} {[%emt 00:01:02]} Bd8 {[%clk 00:12:42]} {[%emt 00:04:57]} 21. Bxg6
{[%clk 00:12:59]} {[%emt 00:06:04]} Bxf6 {[%clk 00:10:45]} {[%emt 00:02:27]}
22. exf6 {[%clk 00:12:21]} {[%emt 00:01:09]} Kh8 {[%clk 00:09:16]} {[%emt
00:01:59]} 23. Rh5 {[%clk 00:08:07]} {[%emt 00:04:44]} 1-0